Find the Districts in Tamilnadu - Jumbled - Statistics

General Stats
  • This quiz has been taken 202 times
  • The average score is 9 of 13
Answer Stats
Hint Answer % Correct
mesal Salem
95%
raiduma Madurai
87%
raruk Karur
86%
Chirity Trichy
83%
Naicehn Chennai
79%
Doeer Erode
78%
nieht Theni
76%
ruppurrit Tiruppur
67%
Levelro Vellore
62%
Rumcanhipka Kanchipuram
53%
Javahuntr Thanjavur
43%
Linisirig Nilgiris
38%
Lungiidd Dindugal
22%
No matching quizzes found
Score Distribution
Percent of People with Each Score
Percentile by Number Answered
Your Score History
You have not taken this quiz